00736 2200229 4500001002100000005001700021008004100038020002200079035002500101040001200126082001500138084001900153100002200172245011500194250001100309260003800320300003500358505005700393650002800450700001600478850001200494INLIS00000000000641620150901164337.0  a978-602-7728-43-1 a0010-061500000000537 aYOPDYOG 223a011.62 aK 011.62 Tia C aTIARA Indah Swara aCepat pintar membaca, menulis, berhitung, & menggambarc/ Penyusun, Tiara Indah Swara; Penyunting, Bayu Aditya aCet. 1 aYogyakartabIdea World Kidzc2013 aii, 42 hlm.b: ilus.c; 26 cm. aTerdapat poster dengan judultMengenal huruf & angka aAnak -- Buku dan bacaan aBAYU Aditya aYOPDYOG